banner-ar

THE WORLD OF ALMANAC And BOOK Of FACTS 2001 / (Record no. 66087)

MARC details
000 -الفاتح
حقل البيانات ثابتة الطول 00644nam a2200217Ia 4500
005 - وقت وتاريخ اخر تعامل مع التسجيلة
رقم الضبط 20240530110859.0
008 - عناصر البيانات ثابتة الطول - معلومات عامة
حقل البيانات ثابتة الطول 140319s2001 nyuab 000 0 eng d
020 ## - الرقم الدولى المعيارى للكتب
الرقم الدولى المعيارى للكتاب 0886878632
040 ## - مصدر الفهرسة
وكالة الفهرسة الأصلية GCL /
وكالة النسخ GCL
082 04 - رقم تصنيف ديوى العشرى
رقم التصنيف 030.909/
رقم المادة W W
100 1# - المدخل الرئيسى - إسم شخصى
الإسم الشخصى Macgeveran, William A.
245 14 - بيان العنوان
العنوان THE WORLD OF ALMANAC And BOOK Of FACTS 2001 /
بيان المسئوليه,etc William A Macgeveran
260 ## - PUBLICATION, DISTRIBUTION, ETC. (IMPRINT)
تاريخ النشر أو التوزيع 2001.
300 ## - الوصف المادى
التعداد 1008 P.:
تفاصيل ماديه اخرى للوعاء COL. ILL. ؛
أبعاد الوعاء 21 cm.
650 04 - المدخل الاضافى بالموضوع-مصطلح موضوعى
مصطلح موضوعي ALMANACS
650 04 - المدخل الاضافى بالموضوع-مصطلح موضوعى
مصطلح موضوعي FACTS - YEAR BOOKS - 1996
650 04 - المدخل الاضافى بالموضوع-مصطلح موضوعى
مصطلح موضوعي ENCYCLOPEDIAS - YEAR BOOKS
700 1# - المدخل الاضافى - اسم شخصى
الإسم الشخصى COLEMAN, PATRICIA
942 ## - عناصر المدخل الإضافي( كوها)
مصدر التصنيف او مخطط الترفيف Dewey Decimal Classification
Koha [default] item type كتاب
260 ## - PUBLICATION, DISTRIBUTION, ETC. (IMPRINT)
-- نيويورك :
-- WORLD ALMANAC BOOKS ،
Holdings
حالة التراجع حالة الفقد مصدر التصنيف او خطة الترفيف حالة تلف ليس للاعارة المكان المؤقت الموقع الحالى موقع الترفيف تاريخ الاكتساب اجمالي اﻻعارات رقم الطلب الباركود تاريخ اخر مشاهدة تاريخ تفعيل السعر نوع وعاء كوها
    ddc     مكتبة القاهرة الكبرى مكتبة القاهرة الكبرى   01/25/2022   030.909/ W W 167305 01/25/2022 01/25/2022 كتاب

Powered By

EGPV